| 000 | 00784 a2200229 4500 | ||
|---|---|---|---|
| 020 | _a0-07-219179-1 (bok) | ||
| 020 | _a0-07-219180-5 (CD-ROM 1) | ||
| 020 | _a0-07-222386-3 (CD-ROM 2) | ||
| 020 | _a0-07-219178-3 (set) | ||
| 035 | _a(DLC) 2002275126 | ||
| 040 |
_aDLC _bDLC |
||
| 082 | 0 | 0 | _a005.4/469 |
| 100 | 1 | _aPetersen, Richard, | |
| 245 | 1 | 0 |
_aRed Hat Linux: the complete reference _bthe complete reference _cRichard Petersen |
| 250 | _a2. ed. | ||
| 260 |
_aNew York : _bMcGraw-Hill/Osborne, _ccop. 2002 |
||
| 300 |
_axxx, 1117 s. : _bill. ; _c23 cm + _e2 CD-ROMS |
||
| 500 | _a"Includes Red Hat Linux 7.2" | ||
| 650 | 0 | _aOperating systems (Computers) | |
| 856 | 4 | 1 |
_3Table of contents _uhttp://www.loc.gov/catdir/toc/mh023/2002275126.html |
| 942 |
_cBK _k005.4469 PET _2ddc |
||
| 999 |
_c6468 _d6468 |
||